El sentido de la lectura
Збережено в:
| Автор: | |
|---|---|
| Формат: | Книга |
| Мова: | Іспанська |
| Опубліковано: |
Argentina, Buenos Aires:
Paidós
2013
|
| Редагування: | 1a. ed |
| Серія: | Voces de la Educación
|
| Предмети: | |
| Теги: |
Додати тег
Немає тегів, Будьте першим, хто поставить тег для цього запису!
|
MARC
| LEADER | 00000cam a2200000 a 4500 | ||
|---|---|---|---|
| 001 | UCC9846 | ||
| 003 | CL-VaPUC | ||
| 005 | 20220224074251.0 | ||
| 008 | 191117e20130000ag spa d | ||
| 999 | |c 36024 |d 36024 | ||
| 020 | |a 9789501215397 | ||
| 040 | |c Pontificia Universidad Católica de Valparaíso | ||
| 082 | 0 | 4 | |a 371.227 PRA 2013 |2 21 |
| 100 | |a Pradelli, Angela |e autora |9 605124 | ||
| 245 | 1 | 3 | |a El sentido de la lectura |
| 250 | |a 1a. ed | ||
| 260 | |a Argentina, Buenos Aires: |b Paidós |c 2013 | ||
| 300 | |a 225 páginas | ||
| 490 | 0 | |a Voces de la Educación | |
| 583 | |a last modification |c 20191117 22:03:00 |k cmena | ||
| 650 | 0 | 0 | |a Psicolingüística |9 283371 |
| 650 | 0 | 0 | |a Enseñanza de la literatura |9 283372 |
| 942 | |c BK |2 ddc | ||
| 945 | |a dcastane |d 20191117 22:03:00 | ||
| 952 | |0 0 |1 0 |3 erb |4 0 |6 371_227000000000000_PRA_2013 |7 0 |8 A |9 495466 |a BIBEDU |b BIBEDU |d 2019-04-11 |e 1 |g 53089.00 |i 5565626 |o 371.227 PRA 2013 |p 5565626 |r 2020-01-06 |v 53089.00 |w 2020-01-06 |y BK |z Catalogado en:20191117 |k LIT | ||
| 952 | |0 0 |1 0 |2 ddc |4 0 |6 371_227000000000000_PRA_2013 |7 0 |8 A |9 580390 |a BIBEDU |b BIBEDU |c GEN |d 2022-01-11 |e 3 |g 9708.00 |i 5637090 |o 371.227 PRA 2013 |p 5637090 |r 2022-01-11 |t 2 |v 9708.00 |w 2022-01-11 |y BK |k LIT | ||
| 952 | |0 0 |1 0 |2 ddc |4 0 |6 371_227000000000000_PRA_2013 |7 0 |8 A |9 580391 |a BIBEDU |b BIBEDU |c GEN |d 2022-01-11 |e 3 |g 9708.00 |i 5637104 |o 371.227 PRA 2013 |p 5637104 |r 2022-01-11 |t 3 |v 9708.00 |w 2022-01-11 |y BK |k LIT | ||